Loading...
| Science - Chemistry | 0 | 5 | 1 | 0 | 45 | 92 | 113.00 | 0 | 2 | 0.00 | 0.00 |
| Science - Physics | 1 | 2 | 0 | 0 | 35 | 47 | 92.00 | 0 | 1 | 0.00 | 0.00 |
| Literature - Poetry | 0 | 3 | 0 | 1 | 30 | 119 | 142.33 | 0 | 0 | 0.00 | 0.00 |
| Science - Other | 1 | 1 | 0 | 0 | 25 | 51 | 91.50 | 1 | 1 | 0.00 | 0.00 |
| Fine Arts - Classical Music | 0 | 2 | 0 | 1 | 20 | 98 | 129.50 | 0 | 1 | 0.00 | 0.00 |
| Fine Arts - Other | 0 | 2 | 0 | 0 | 20 | 125 | 129.00 | 0 | 0 | 0.00 | 0.00 |
| Religion | 0 | 1 | 0 | 0 | 10 | 110 | 110.00 | 0 | 1 | 0.00 | 0.00 |
| Literature - Long Fiction | 0 | 1 | 0 | 0 | 10 | 128 | 128.00 | 0 | 0 | 0.00 | 0.00 |
| Other Academic | 0 | 1 | 0 | 1 | 10 | 144 | 144.00 | 0 | 0 | 0.00 | 0.00 |
| Philosophy | 0 | 1 | 0 | 0 | 10 | 83 | 83.00 | 0 | 0 | 0.00 | 0.00 |
| Short Fiction and Other | 0 | 1 | 0 | 0 | 10 | 150 | 150.00 | 0 | 0 | 0.00 | 0.00 |
| Social Science | 0 | 1 | 1 | 1 | 5 | 140 | 140.00 | 1 | 1 | 0.00 | 0.00 |
| Science - Biology | 0 | 0 | 1 | 0 | -5 | 0.00 | 0 | 0 | 0.00 | 0.00 |